[Event "Guelph Winter Pro-Am U2000"]
[Site "Guelph CAN"]
[Date "2012.02.11"]
[Round "3"]
[White "Chen, Richard"]
[Black "Gillis, Doug"]
[Result "1-0"]
[WhiteElo "1784"]
[BlackElo "1604"]
[PlyCount "95"]
[GameId "2160767909576609"]
[EventDate "2012.02.10"]
[EventType "swiss"]
[EventRounds "5"]
[EventCountry "CAN"]
[SourceTitle "EXT 2022"]
[Source "ChessBase"]
[SourceDate "2021.10.06"]
[SourceVersion "1"]
[SourceVersionDate "2021.10.06"]
[SourceQuality "1"]

1. e4 e6 2. d3 d5 3. Nd2 Nf6 4. Ngf3 dxe4 5. dxe4 Nc6 6. g3 e5 7. Bg2 Bg4 8. O-O Bc5 9. c3 Qd3 10. Re1 O-O-O 11. h3 Bxf3 12. Qxf3 Qxf3 13. Nxf3 h6 14. b4 Bd6 15. Bb2 Nd7 16. a3 f6 17. c4 Be7 18. Nh4 Rhe8 19. Bf3 Nb6 20. Bh5 Nxc4 21. Bxe8 Rxe8 22. Bc3 Nd6 23. Ng6 Nb5 24. Bb2 Bd8 25. Nh4 Nbd4 26. Bxd4 Nxd4 27. Rac1 g5 28. Nf5 Nf3+ 29. Kf1 Nxe1 30. Nd6+ Kd7 31. Nxe8 Nf3 32. Ng7 Nd2+ 33. Ke2 Nxe4 34. Rd1+ Ke7 35. Nf5+ Ke8 36. Rd3 a5 37. f3 Nd6 38. Nxd6+ cxd6 39. Rxd6 axb4 40. axb4 Ke7 41. Rd3 h5 42. Ke3 Bb6+ 43. Ke4 Bf2 44. g4 Ke6 45. Rd8 hxg4 46. hxg4 Be1 47. b5 Bb4 48. Rb8 1-0

[Event "Guelph Winter Pro-Am U2000"]
[Site "Guelph CAN"]
[Date "2012.02.11"]
[Round "3"]
[White "Deline, Ralph"]
[Black "Forsyth, Barry"]
[Result "1-0"]
[WhiteElo "1783"]
[BlackElo "1667"]
[PlyCount "88"]
[GameId "2160767909576610"]
[EventDate "2012.02.10"]
[EventType "swiss"]
[EventRounds "5"]
[EventCountry "CAN"]
[SourceTitle "EXT 2022"]
[Source "ChessBase"]
[SourceDate "2021.10.06"]
[SourceVersion "1"]
[SourceVersionDate "2021.10.06"]
[SourceQuality "1"]

1. e4 e6 2. d4 Nf6 3. e5 Nd5 4. Nf3 h6 5. c4 Nb6 6. Nc3 d5 7. c5 N6d7 8. Qa4 c6 9. b4 b5 10. Qb3 Be7 11. a4 bxa4 12. Rxa4 O-O 13. b5 cxb5 14. Bxb5 Bb7 15. Bd3 Bc6 16. Ra2 f6 17. Bf4 fxe5 18. Bxe5 Nxe5 19. Nxe5 Bf6 20. Nf3 a5 21. Re2 Bd7 22. Nxd5 Nc6 23. Nxf6+ Rxf6 24. d5 exd5 25. Qxd5+ Kh8 26. Be4 Rb8 27. Rd2 Qe7 28. O-O Bg4 29. Rdd1 Rb4 30. Rfe1 Qf7 31. Qxf7 Rxf7 32. Bxc6 Rc7 33. Rd8+ Kh7 34. Ne5 Bf5 35. g4 Rxg4+ 36. Nxg4 Rxc6 37. Ne3 Rg6+ 38. Kf1 Bh3+ 39. Ke2 Rc6 40. Rc1 Ra6 41. c6 a4 42. c7 a3 43. c8=Q Bxc8 44. Rdxc8 Rb6 1-0

[Event "Guelph Winter Pro-Am U2000"]
[Site "Guelph CAN"]
[Date "2012.02.11"]
[Round "3"]
[White "Hare, Scott"]
[Black "Cservenyi, Zoltan"]
[Result "1-0"]
[WhiteElo "1946"]
[BlackElo "1643"]
[PlyCount "57"]
[GameId "2160767909576611"]
[EventDate "2012.02.10"]
[EventType "swiss"]
[EventRounds "5"]
[EventCountry "CAN"]
[SourceTitle "EXT 2022"]
[Source "ChessBase"]
[SourceDate "2021.10.06"]
[SourceVersion "1"]
[SourceVersionDate "2021.10.06"]
[SourceQuality "1"]

1. e4 e6 2. d4 d5 3. Nd2 Nf6 4. e5 Nfd7 5. Bd3 c5 6. c3 Nc6 7. Ne2 Qb6 8. Nf3 Be7 9. O-O c4 10. Bc2 Nf8 11. Ng3 Bd7 12. Qe2 O-O-O 13. b3 cxb3 14. axb3 f6 15. Be3 Qc7 16. c4 g5 17. cxd5 exd5 18. Nf5 Bxf5 19. Bxf5+ Nd7 20. Rfc1 h6 21. Rxa7 Nxa7 22. Rxc7+ Kxc7 23. exf6 Bxf6 24. h4 Rhg8 25. Qd2 Nc6 26. hxg5 hxg5 27. Nxg5 Bxg5 28. Bxg5 Rxg5 29. Qxg5 1-0

[Event "Guelph Winter Pro-Am U2000"]
[Site "Guelph CAN"]
[Date "2012.02.11"]
[Round "3"]
[White "Jizan, Masoud"]
[Black "Forsyth, Garrett"]
[Result "0-1"]
[WhiteElo "1685"]
[BlackElo "1603"]
[PlyCount "112"]
[GameId "2160767909576612"]
[EventDate "2012.02.10"]
[EventType "swiss"]
[EventRounds "5"]
[EventCountry "CAN"]
[SourceTitle "EXT 2022"]
[Source "ChessBase"]
[SourceDate "2021.10.06"]
[SourceVersion "1"]
[SourceVersionDate "2021.10.06"]
[SourceQuality "1"]

1. d4 Nf6 2. Nc3 d5 3. g3 c6 4. Bg2 Bf5 5. f3 Nbd7 6. e4 dxe4 7. fxe4 Bg4 8. Bf3 Bxf3 9. Qxf3 e5 10. Be3 Bb4 11. Nge2 exd4 12. Bxd4 c5 13. Bxf6 Qxf6 14. O-O Qxf3 15. Rxf3 Ne5 16. Rf5 f6 17. Nd5 Ba5 18. Kg2 O-O 19. Nef4 Rae8 20. Nh5 Kh8 21. Rf2 Nc4 22. Re2 Re5 23. Nhf4 Rfe8 24. c3 Rxe4 25. Rxe4 Rxe4 26. b4 cxb4 27. cxb4 Bd8 28. Rd1 Kg8 29. Kf3 f5 30. Ne2 Ne5+ 31. Kf2 Ng4+ 32. Kf3 Nxh2+ 33. Kf2 Ng4+ 34. Kf3 h5 35. Nec3 Rc4 36. Nb5 Ne5+ 37. Kg2 Rc2+ 38. Kf1 Rxa2 39. Nd6 Rh2 40. Nxf5 Ng4 41. Nf4 Rh1+ 42. Ke2 Rxd1 43. Kxd1 a5 44. b5 Bg5 45. Ne6 Ne3+ 46. Nxe3 Bxe3 47. Ke2 Bg1 48. Nf4 a4 49. Kd3 a3 50. Kc2 Bc5 51. Kb3 Kh7 52. Nxh5 Kh6 53. Nf4 g6 54. Ne6 Be7 55. g4 g5 56. Nd4 Kg6 0-1

[Event "Guelph Winter Pro-Am U2000"]
[Site "Guelph CAN"]
[Date "2012.02.11"]
[Round "3"]
[White "Jordan, John1"]
[Black "Wang, Eric1"]
[Result "0-1"]
[WhiteElo "1729"]
[BlackElo "1683"]
[PlyCount "92"]
[GameId "2160767909576613"]
[EventDate "2012.02.10"]
[EventType "swiss"]
[EventRounds "5"]
[EventCountry "CAN"]
[SourceTitle "EXT 2022"]
[Source "ChessBase"]
[SourceDate "2021.10.06"]
[SourceVersion "1"]
[SourceVersionDate "2021.10.06"]
[SourceQuality "1"]

1. d4 Nf6 2. Nf3 g6 3. c4 Bg7 4. Nc3 d6 5. e4 O-O 6. Be2 e5 7. d5 Na6 8. a3 Nc5 9. Qc2 a5 10. b3 Ng4 11. O-O f5 12. Nd2 Nf6 13. f3 Bh6 14. Bd3 Be3+ 15. Kh1 f4 16. Bb2 Nh5 17. Nd1 Nxd3 18. Qxd3 Bb6 19. Nf2 Qh4 20. Kg1 Ng3 21. Rac1 Nxf1 22. Qxf1 h5 23. b4 axb4 24. axb4 Be3 25. Rc2 g5 26. Nb3 Rf7 27. Kh1 Bxf2 28. Rxf2 g4 29. Rc2 Bd7 30. Na5 Rb8 31. Bc3 g3 32. h3 Rg7 33. c5 Kh8 34. Kg1 Rbg8 35. Rc1 Qd8 36. c6 bxc6 37. Nxc6 Qc8 38. b5 Qb7 39. Ba5 Bxc6 40. Rxc6 Qa7+ 41. Bb6 cxb6 42. Rxd6 Rg6 43. Rxg6 Rxg6 44. Qb1 Qc7 45. Qb2 Rg8 46. Kf1 Rc8 0-1

[Event "Guelph Winter Pro-Am U2000"]
[Site "Guelph CAN"]
[Date "2012.02.11"]
[Round "3"]
[White "Noritsyn, Sergey"]
[Black "Gashgarian, Robert"]
[Result "0-1"]
[WhiteElo "1714"]
[BlackElo "1946"]
[PlyCount "61"]
[GameId "2160767909576614"]
[EventDate "2012.02.10"]
[EventType "swiss"]
[EventRounds "5"]
[EventCountry "CAN"]
[SourceTitle "EXT 2022"]
[Source "ChessBase"]
[SourceDate "2021.10.06"]
[SourceVersion "1"]
[SourceVersionDate "2021.10.06"]
[SourceQuality "1"]

1. b3 c5 2. Bb2 Nc6 3. e3 d5 4. Nf3 Bg4 5. Bb5 f6 6. h3 Bh5 7. c4 a6 8. cxd5 axb5 9. dxc6 bxc6 10. Qe2 e5 11. g4 Bf7 12. d3 Qd7 13. Nbd2 Bd5 14. a3 Bd6 15. e4 Be6 16. g5 Ne7 17. gxf6 gxf6 18. h4 Ng6 19. O-O-O Nf4 20. Qe3 c4 21. dxc4 Bxa3 22. Bxa3 Rxa3 23. Nb1 Qa7 24. Nxa3 Qxa3+ 25. Kb1 bxc4 26. bxc4 Qb4+ 27. Ka1 Qa5+ 28. Kb2 Kf7 29. Qb3 Qa7 30. Qc2 Rb8+ 31. Kc1 0-1

[Event "Guelph Winter Pro-Am U2000"]
[Site "Guelph CAN"]
[Date "2012.02.13"]
[Round "3"]
[White "Ali, Shafkat"]
[Black "Jordan, John1"]
[Result "1-0"]
[WhiteElo "1658"]
[BlackElo "1729"]
[PlyCount "33"]
[GameId "2160767909576616"]
[EventDate "2012.02.10"]
[EventType "swiss"]
[EventRounds "5"]
[EventCountry "CAN"]
[SourceTitle "EXT 2022"]
[Source "ChessBase"]
[SourceDate "2021.10.06"]
[SourceVersion "1"]
[SourceVersionDate "2021.10.06"]
[SourceQuality "1"]

1. e4 d6 2. d4 Nf6 3. Nc3 g6 4. Nf3 Bg4 5. h3 Bxf3 6. Qxf3 Bg7 7. Be3 Nc6 8. Bb5 O-O 9. Rd1 Qc8 10. a3 Nd8 11. Bc4 a6 12. O-O b5 13. Bb3 Nb7 14. e5 Ne8 15. Nd5 Qd7 16. Bg5 c6 17. Nb6 1-0

[Event "Guelph Winter Pro-Am U2000"]
[Site "Guelph CAN"]
[Date "2012.02.12"]
[Round "4"]
[White "Chuchin, Sasha"]
[Black "Yu, Patrick"]
[Result "0-1"]
[WhiteElo "1650"]
[BlackElo "1699"]
[PlyCount "140"]
[GameId "2160767909576617"]
[EventDate "2012.02.10"]
[EventType "swiss"]
[EventRounds "5"]
[EventCountry "CAN"]
[SourceTitle "EXT 2022"]
[Source "ChessBase"]
[SourceDate "2021.10.06"]
[SourceVersion "1"]
[SourceVersionDate "2021.10.06"]
[SourceQuality "1"]

1. e4 c5 2. Nf3 d6 3. d4 cxd4 4. Nxd4 Nf6 5. Nc3 a6 6. Be2 e5 7. Nf3 h6 8. h3 Be6 9. Be3 Be7 10. O-O O-O 11. Nd2 Nc6 12. Bc4 d5 13. exd5 Bxd5 14. Nxd5 Nxd5 15. Nb3 Nxe3 16. fxe3 Qb6 17. Qf3 Bf6 18. c3 Rad8 19. Bd5 Rfe8 20. Bxc6 bxc6 21. Rad1 Rxd1 22. Rxd1 Bg5 23. Re1 Rd8 24. Qe4 Qb5 25. Rf1 Qd3 26. Qxd3 Rxd3 27. e4 Re3 28. Nc5 Re2 29. Nxa6 Rxb2 30. Nb4 c5 31. Nd3 Rxa2 32. Rf3 Re2 33. Nxe5 Bf6 34. Nd7 Be7 35. e5 Bd8 36. Kf1 Re4 37. Kf2 Ba5 38. Nxc5 Bb6 39. Rd3 Bxc5+ 40. Kf3 Rxe5 41. c4 Kf8 42. Kf4 f6 43. Rd7 Re7 44. Rd5 Rc7 45. Kf5 Kf7 46. Rd3 g6+ 47. Kg4 Bb4 48. Rd4 Rc5 49. Kf3 Ke6 50. Re4+ Re5 51. Rd4 Bc5 52. Rd3 f5 53. g4 Re4 54. Rc3 Ke5 55. gxf5 gxf5 56. Rc1 Re3+ 57. Kg2 Ke4 58. Ra1 f4 59. Ra5 Kd4 60. Ra6 f3+ 61. Kf2 Kxc4 62. Kf1 f2 63. Ra1 Rg3 64. Rc1+ Kd5 65. Rd1+ Kc6 66. Ke2 Rg1 67. Rf1 Rxf1 68. Kxf1 Kd5 69. Ke2 Ke4 70. h4 h5 0-1

[Event "Guelph Winter Pro-Am U2000"]
[Site "Guelph CAN"]
[Date "2012.02.12"]
[Round "4"]
[White "Gashgarian, Robert"]
[Black "Von Keitz, Michael"]
[Result "1-0"]
[WhiteElo "1946"]
[BlackElo "1666"]
[PlyCount "101"]
[GameId "2160767909576618"]
[EventDate "2012.02.10"]
[EventType "swiss"]
[EventRounds "5"]
[EventCountry "CAN"]
[SourceTitle "EXT 2022"]
[Source "ChessBase"]
[SourceDate "2021.10.06"]
[SourceVersion "1"]
[SourceVersionDate "2021.10.06"]
[SourceQuality "1"]

1. d4 d5 2. c4 c6 3. Nc3 Nf6 4. Nf3 g6 5. Bf4 Bg7 6. e3 O-O 7. h3 b6 8. Rc1 Bb7 9. Bd3 dxc4 10. Bxc4 Na6 11. Qe2 Nc7 12. O-O Nfd5 13. Nxd5 Nxd5 14. Bg3 Rc8 15. e4 Nf6 16. Rfd1 Nh5 17. Bh2 Bh6 18. Rc3 Nf4 19. Qf1 Qd6 20. Ne5 c5 21. Ng4 Kg7 22. dxc5 Qb8 23. Nxh6 Kxh6 24. cxb6 axb6 25. g3 Nh5 26. Rd7 Bxe4 27. Qc1+ g5 28. Rxe7 Bg6 29. h4 Rc5 30. hxg5+ Rxg5 31. Be2 Nf4 32. Bc4 Qd6 33. Re1 Bh5 34. Bf1 Qd4 35. Rc4 Nd3 36. Rxd4 Nxc1 37. Rxc1 Bf3 38. Rh4+ Rh5 39. Rxh5+ Kxh5 40. Rc3 Kg4 41. Bg2 Bxg2 42. Kxg2 Rd8 43. Rc6 b5 44. Rc5 f5 45. Rxb5 Rd4 46. Rb7 h6 47. a3 f4 48. gxf4 h5 49. Rg7+ Kf5 50. Rg5+ Ke4 51. Rxh5 1-0

[Event "Guelph Winter Pro-Am U2000"]
[Site "Guelph CAN"]
[Date "2012.02.12"]
[Round "4"]
[White "Gillanders, Robert"]
[Black "Hendon, Lee"]
[Result "1-0"]
[WhiteElo "1868"]
[BlackElo "1635"]
[PlyCount "65"]
[GameId "2160767909576619"]
[EventDate "2012.02.10"]
[EventType "swiss"]
[EventRounds "5"]
[EventCountry "CAN"]
[SourceTitle "EXT 2022"]
[Source "ChessBase"]
[SourceDate "2021.10.06"]
[SourceVersion "1"]
[SourceVersionDate "2021.10.06"]
[SourceQuality "1"]

1. Nf3 d5 2. g3 Nf6 3. Bg2 c5 4. O-O g6 5. c4 Bg7 6. cxd5 Nxd5 7. Nc3 O-O 8. a3 Nc6 9. Qc2 Nxc3 10. bxc3 Qc7 11. d3 b6 12. Bb2 Bb7 13. d4 cxd4 14. cxd4 Rac8 15. Qd2 Rfd8 16. Rac1 Qd7 17. Rfd1 Na5 18. Qb4 Ba6 19. e3 Nc4 20. Bc3 Rc7 21. d5 Rdc8 22. Bxg7 Kxg7 23. Nd4 Na5 24. Qb2 Kg8 25. Rxc7 Rxc7 26. Rc1 Qa4 27. Bf3 Nc4 28. Qb4 Qd7 29. e4 Nd6 30. Rxc7 Qxc7 31. Nc6 Bb5 32. e5 Bxc6 33. dxc6 1-0

[Event "Guelph Winter Pro-Am U2000"]
[Site "Guelph CAN"]
[Date "2012.02.12"]
[Round "4"]
[White "Gillis, Doug"]
[Black "Cservenyi, Zoltan"]
[Result "1-0"]
[WhiteElo "1604"]
[BlackElo "1643"]
[PlyCount "25"]
[GameId "2160767909576620"]
[EventDate "2012.02.10"]
[EventType "swiss"]
[EventRounds "5"]
[EventCountry "CAN"]
[SourceTitle "EXT 2022"]
[Source "ChessBase"]
[SourceDate "2021.10.06"]
[SourceVersion "1"]
[SourceVersionDate "2021.10.06"]
[SourceQuality "1"]

1. d4 e6 2. e4 d5 3. Nc3 Bb4 4. Qd3 c5 5. Bd2 dxe4 6. Nxe4 Bxd2+ 7. Qxd2 cxd4 8. O-O-O Nc6 9. Bb5 Kf8 10. Bxc6 bxc6 11. Qxd4 Qxd4 12. Rxd4 Ne7 13. Rd8# 1-0

[Event "Guelph Winter Pro-Am U2000"]
[Site "Guelph CAN"]
[Date "2012.02.12"]
[Round "4"]
[White "Glew, Richard"]
[Black "Noritsyn, Sergey"]
[Result "0-1"]
[WhiteElo "1790"]
[BlackElo "1714"]
[PlyCount "98"]
[GameId "2160767909576621"]
[EventDate "2012.02.10"]
[EventType "swiss"]
[EventRounds "5"]
[EventCountry "CAN"]
[SourceTitle "EXT 2022"]
[Source "ChessBase"]
[SourceDate "2021.10.06"]
[SourceVersion "1"]
[SourceVersionDate "2021.10.06"]
[SourceQuality "1"]

1. e4 b6 2. d4 Bb7 3. Bd3 e6 4. Nf3 c5 5. O-O Be7 6. Re1 d6 7. c4 cxd4 8. Nxd4 Nf6 9. Nc3 O-O 10. Be3 Nc6 11. Nxc6 Bxc6 12. f3 Nd7 13. b3 Bf6 14. Rc1 Nc5 15. Bb1 a5 16. Bf4 Nb7 17. Qd3 g6 18. Rcd1 Bg7 19. Nb5 Bxb5 20. cxb5 e5 21. Be3 Re8 22. Qd5 Qc7 23. Rc1 Nc5 24. a3 Qe7 25. b4 axb4 26. axb4 Nd7 27. Red1 Bf8 28. Rc7 Rec8 29. Rdc1 Rxc7 30. Rxc7 Ra1 31. Qb3 Qd8 32. Rc6 Qa8 33. Kf2 Ra3 34. Qc2 Qd8 35. g3 Ra8 36. Ba2 Qe7 37. Qc4 Rb8 38. Rxd6 Kh8 39. Rc6 Kg7 40. Rc7 Qe8 41. Qd5 Rd8 42. Bg5 Be7 43. Rxd7 Rxd7 44. Qxe5+ Kg8 45. Bh6 Bc5+ 46. bxc5 Qxe5 47. Bd5 bxc5 48. b6 Rxd5 49. exd5 Qxd5 0-1

[Event "Guelph Winter Pro-Am U2000"]
[Site "Guelph CAN"]
[Date "2012.02.12"]
[Round "4"]
[White "Hassain, Mahmud"]
[Black "Jizan, Masoud"]
[Result "1-0"]
[WhiteElo "1981"]
[BlackElo "1685"]
[PlyCount "83"]
[GameId "2160767909576622"]
[EventDate "2012.02.10"]
[EventType "swiss"]
[EventRounds "5"]
[EventCountry "CAN"]
[SourceTitle "EXT 2022"]
[Source "ChessBase"]
[SourceDate "2021.10.06"]
[SourceVersion "1"]
[SourceVersionDate "2021.10.06"]
[SourceQuality "1"]

1. e4 c5 2. Nf3 Nc6 3. h3 Nf6 4. Nc3 d6 5. d4 cxd4 6. Nxd4 a6 7. Bg5 e5 8. Nb3 Be7 9. Qd2 Be6 10. O-O-O Bxb3 11. cxb3 Nd4 12. Kb1 h6 13. Be3 Nc6 14. g4 g5 15. Be2 b5 16. Nd5 Nxe4 17. Qc2 Nc5 18. Bxc5 dxc5 19. Nf6+ Bxf6 20. Rxd8+ Rxd8 21. Qxc5 Ne7 22. Qb6 Bg7 23. Qxa6 O-O 24. Bxb5 Rd2 25. Bd3 Rd8 26. Bc2 Rc8 27. Rc1 Rcd8 28. Qb6 e4 29. Qe3 R8d4 30. Qc3 Rxf2 31. a4 Rdd2 32. Qb4 Nd5 33. Qxe4 Nf4 34. Qe8+ Bf8 35. a5 Nd3 36. Qe4 Bg7 37. a6 Rfe2 38. a7 Rxe4 39. a8=Q+ Bf8 40. Qxe4 Bg7 41. Qe8+ Kh7 42. Bxd3+ 1-0

[Event "Guelph Winter Pro-Am U2000"]
[Site "Guelph CAN"]
[Date "2012.02.12"]
[Round "4"]
[White "Knechtel, Tim"]
[Black "Liu, Jiaxin"]
[Result "1/2-1/2"]
[WhiteElo "1721"]
[BlackElo "1608"]
[PlyCount "76"]
[GameId "2160767909576623"]
[EventDate "2012.02.10"]
[EventType "swiss"]
[EventRounds "5"]
[EventCountry "CAN"]
[SourceTitle "EXT 2022"]
[Source "ChessBase"]
[SourceDate "2021.10.06"]
[SourceVersion "1"]
[SourceVersionDate "2021.10.06"]
[SourceQuality "1"]

1. d4 Nf6 2. Nf3 g6 3. e3 Bg7 4. c4 d6 5. Nc3 O-O 6. Be2 Nbd7 7. O-O e5 8. Qc2 Qe7 9. dxe5 Nxe5 10. Nxe5 Qxe5 11. f4 Qc5 12. Na4 Qc6 13. Bf3 Qe8 14. Re1 Rb8 15. Nc3 Be6 16. Nb5 Qd7 17. e4 Ne8 18. e5 c6 19. Nxd6 Nxd6 20. Rd1 Bf5 21. Qe2 Rfe8 22. c5 f6 23. g4 Be6 24. Rxd6 Qc8 25. b4 Bf7 26. Bb2 fxe5 27. fxe5 Be6 28. Rad1 Qc7 29. Bc3 Qc8 30. h3 Qc7 31. Kg2 Qf7 32. R1d2 Qc7 33. h4 Qc8 34. Kg3 Qc7 35. g5 Qf7 36. R6d4 Qf5 37. Rg4 Rf8 38. Rd6 Qf7 1/2-1/2

[Event "Guelph Winter Pro-Am U2000"]
[Site "Guelph CAN"]
[Date "2012.02.12"]
[Round "4"]
[White "Scott, James"]
[Black "Hare, Scott"]
[Result "0-1"]
[WhiteElo "1658"]
[BlackElo "1946"]
[PlyCount "62"]
[GameId "2160767909576624"]
[EventDate "2012.02.10"]
[EventType "swiss"]
[EventRounds "5"]
[EventCountry "CAN"]
[SourceTitle "EXT 2022"]
[Source "ChessBase"]
[SourceDate "2021.10.06"]
[SourceVersion "1"]
[SourceVersionDate "2021.10.06"]
[SourceQuality "1"]

1. e4 c6 2. d4 d5 3. Nc3 dxe4 4. Nxe4 Nd7 5. Ng5 e6 6. N1f3 Ngf6 7. Bd3 h6 8. Nxf7 Kxf7 9. Ne5+ Nxe5 10. dxe5 Qa5+ 11. Kf1 Qxe5 12. f4 Qh5 13. Be2 Qd5 14. Qe1 Bc5 15. Qh4 Rf8 16. c4 Qf5 17. Qg3 Kg8 18. Bd3 Qg4 19. Qe1 Nh5 20. Be2 Qf5 21. Bxh5 Qxh5 22. h3 e5 23. Bd2 Bf5 24. Qe2 Qxe2+ 25. Kxe2 exf4 26. Kf3 g5 27. Rad1 Rfe8 28. Rh2 Rad8 29. g3 h5 30. gxf4 Be4+ 31. Kg3 Rd3+ 0-1

[Event "Guelph Winter Pro-Am U2000"]
[Site "Guelph CAN"]
[Date "2012.02.12"]
[Round "4"]
[White "Wang, Eric1"]
[Black "Deline, Ralph"]
[Result "1-0"]
[WhiteElo "1683"]
[BlackElo "1783"]
[PlyCount "61"]
[GameId "2160767909576625"]
[EventDate "2012.02.10"]
[EventType "swiss"]
[EventRounds "5"]
[EventCountry "CAN"]
[SourceTitle "EXT 2022"]
[Source "ChessBase"]
[SourceDate "2021.10.06"]
[SourceVersion "1"]
[SourceVersionDate "2021.10.06"]
[SourceQuality "1"]

1. d4 Nf6 2. c4 e6 3. g3 d5 4. Bg2 c6 5. Nf3 Be7 6. O-O O-O 7. Nbd2 b6 8. Qc2 Bb7 9. Rd1 Nbd7 10. b3 Rc8 11. Bb2 dxc4 12. Nxc4 c5 13. Rac1 cxd4 14. Nxd4 Bxg2 15. Kxg2 Qc7 16. Qb1 Qb7+ 17. f3 a6 18. e4 Rfd8 19. a3 Nc5 20. Ba1 Nfd7 21. b4 Na4 22. Qb3 b5 23. Na5 Qb6 24. Ndc6 Bf8 25. Nxd8 Rxd8 26. Qd3 Nac5 27. bxc5 Bxc5 28. Qc3 f6 29. Nb3 Be7 30. Nd4 Kf7 31. Nc6 1-0

[Event "Guelph Winter Pro-Am U2000"]
[Site "Guelph CAN"]
[Date "2012.02.12"]
[Round "4"]
[White "Zhang, John"]
[Black "Bond, Hal"]
[Result "1-0"]
[WhiteElo "1764"]
[BlackElo "1815"]
[PlyCount "147"]
[GameId "2160767909576626"]
[EventDate "2012.02.10"]
[EventType "swiss"]
[EventRounds "5"]
[EventCountry "CAN"]
[SourceTitle "EXT 2022"]
[Source "ChessBase"]
[SourceDate "2021.10.06"]
[SourceVersion "1"]
[SourceVersionDate "2021.10.06"]
[SourceQuality "1"]

1. e4 Nf6 2. Nc3 e5 3. Nf3 Bb4 4. d4 exd4 5. Qxd4 Nc6 6. Qd3 O-O 7. Be2 d5 8. exd5 Qxd5 9. Bd2 Qxd3 10. Bxd3 Re8+ 11. Ne2 Bg4 12. O-O-O Rad8 13. Ng3 Bc5 14. Rdf1 Be6 15. Kb1 Ng4 16. Ne4 Bb6 17. Bc3 Bf5 18. Nfd2 Nce5 19. Bxe5 Rxe5 20. h3 Nf6 21. Nxf6+ gxf6 22. Bxf5 Rxd2 23. Bd3 Kg7 24. f3 Rxg2 25. Re1 Rh5 26. Be4 c6 27. Bd3 Re5 28. Be4 f5 29. Bd3 Kf6 30. b3 Rxe1+ 31. Rxe1 Rg1 32. Rxg1 Bxg1 33. Kc1 Ke5 34. Kd2 Kf4 35. Ke2 Bd4 36. c4 h6 37. a4 a5 38. Bc2 Ba7 39. Bb1 h5 40. Bc2 h4 41. Bb1 Ke5 42. Kd3 Bc5 43. Bc2 f4 44. Bd1 Be3 45. Be2 Kd6 46. Bd1 Kc5 47. Kc3 Bd4+ 48. Kd3 Bf2 49. Ke2 Bg3 50. Kd3 Kb4 51. Kc2 b5 52. cxb5 cxb5 53. axb5 Kxb5 54. Be2+ Kc5 55. Bd3 Kd4 56. Kd2 Bf2 57. Be2 Be3+ 58. Kc2 Bg1 59. Kd2 Bf2 60. Bf1 f6 61. Be2 Be3+ 62. Kc2 Bc1 63. Kxc1 Ke3 64. Kd1 Kf2 65. Kd2 Kg2 66. Ke1 Kxh3 67. Kf2 Kh2 68. Bf1 Kh1 69. Bh3 Kh2 70. Bg2 f5 71. Bf1 h3 72. Bd3 Kh1 73. Bxf5 h2 74. Bh3 1-0

[Event "Guelph Winter Pro-Am U2000"]
[Site "Guelph CAN"]
[Date "2012.02.12"]
[Round "4"]
[White "Zotkin, Daniel"]
[Black "Forsyth, Garrett"]
[Result "1-0"]
[WhiteElo "1766"]
[BlackElo "1603"]
[PlyCount "51"]
[GameId "2160767909576627"]
[EventDate "2012.02.10"]
[EventType "swiss"]
[EventRounds "5"]
[EventCountry "CAN"]
[SourceTitle "EXT 2022"]
[Source "ChessBase"]
[SourceDate "2021.10.06"]
[SourceVersion "1"]
[SourceVersionDate "2021.10.06"]
[SourceQuality "1"]

1. b3 Nf6 2. Bb2 b6 3. Nf3 Bb7 4. c4 d6 5. e3 Nbd7 6. d4 e6 7. Bd3 c5 8. O-O Be7 9. Nc3 d5 10. Re1 Rc8 11. e4 cxd4 12. Nxd4 e5 13. Nf5 d4 14. Nd5 Bxd5 15. exd5 g6 16. Nxd4 Nc5 17. Rxe5 O-O 18. Ba3 Bd6 19. Re3 a6 20. Nc6 Qd7 21. h3 Rfe8 22. Bb2 Rxe3 23. fxe3 Nxd5 24. cxd5 Nxd3 25. Qxd3 Bc5 26. Qc3 1-0

[Event "Guelph Winter Pro-Am U2000"]
[Site "Guelph CAN"]
[Date "2012.02.12"]
[Round "5"]
[White "Ali, Shafkat"]
[Black "Chen, Richard"]
[Result "0-1"]
[WhiteElo "1658"]
[BlackElo "1784"]
[PlyCount "58"]
[GameId "2160767909576628"]
[EventDate "2012.02.10"]
[EventType "swiss"]
[EventRounds "5"]
[EventCountry "CAN"]
[SourceTitle "EXT 2022"]
[Source "ChessBase"]
[SourceDate "2021.10.06"]
[SourceVersion "1"]
[SourceVersionDate "2021.10.06"]
[SourceQuality "1"]

1. e4 c5 2. Nf3 Nc6 3. d4 cxd4 4. Nxd4 Nf6 5. Nc3 e5 6. Ndb5 d6 7. Bg5 a6 8. Na3 b5 9. Nd5 Be7 10. Bxf6 Bxf6 11. c3 Bg5 12. Nc2 O-O 13. a4 bxa4 14. Rxa4 a5 15. Bc4 Rb8 16. b3 Kh8 17. Nce3 Bxe3 18. Nxe3 f5 19. exf5 Bxf5 20. Nxf5 Rxf5 21. Bd3 Rf6 22. g4 Qb6 23. Qd2 Qxb3 24. Bc2 Qe6 25. Qd3 g6 26. h4 d5 27. h5 e4 28. Qd2 Ne5 29. Kf1 Nxg4 0-1

[Event "Guelph Winter Pro-Am U2000"]
[Site "Guelph CAN"]
[Date "2012.02.12"]
[Round "5"]
[White "Cservenyi, Zoltan"]
[Black "Hendon, Lee"]
[Result "0-1"]
[WhiteElo "1643"]
[BlackElo "1635"]
[PlyCount "66"]
[GameId "2160767909576629"]
[EventDate "2012.02.10"]
[EventType "swiss"]
[EventRounds "5"]
[EventCountry "CAN"]
[SourceTitle "EXT 2022"]
[Source "ChessBase"]
[SourceDate "2021.10.06"]
[SourceVersion "1"]
[SourceVersionDate "2021.10.06"]
[SourceQuality "1"]

1. d4 d5 2. c4 e6 3. Nc3 Nf6 4. Nf3 c6 5. cxd5 exd5 6. g3 Bd6 7. Bg2 O-O 8. O-O Nbd7 9. Qc2 Re8 10. Re1 Nf8 11. a3 a6 12. b4 Bg4 13. Bg5 Bh5 14. Rad1 Bg6 15. Qc1 h6 16. Bf4 Ne6 17. Bxd6 Qxd6 18. Na4 Nd7 19. Nc5 Nexc5 20. bxc5 Qc7 21. Qc3 Re7 22. Nh4 Bh7 23. Bh3 Rae8 24. e3 Nf6 25. Nf5 Bxf5 26. Bxf5 Ne4 27. Qb2 Ng5 28. Kg2 g6 29. Bd3 Qc8 30. Be2 Qf5 31. Qb1 Qh3+ 32. Kg1 Ne4 33. Bf3 Nc3 0-1